...e le cicogne torneranno a volare /

Guardat en:
Dades bibliogràfiques
Altres autors: Gubenko, Nikolj, Budrajtis, Iouzas
Format: Diapositiva
Idioma:italià
Publicat: [S.l.! : Manzotti home video [distributore!, 1990
Etiquetes: Afegir etiqueta
Sense etiquetes, Sigues el primer a etiquetar aquest registre!

MARC

LEADER 00000ngm a22000007i 4500
001 IT\ICCU\LO1\1157467
003 ItRI
005 20260202231647.0
008 071029s1990 it |||||||||||||||k|||||c
028 4 2 |a X10053 
040 |b ita  |c ct 
041 7 |a ita  |2 ISO-639-2 
130 0 |a Podranki. 
245 0 3 |a ...e le cicogne torneranno a volare /  |c regia di Nikolaj Gubenko. 
260 |a [S.l.! :  |b Manzotti home video [distributore!,  |c 1990 
300 |a 1 VHS (88 min.) :  |b col., son. ;  |c 22 cm 
500 |a Tit. del contenitore 
500 |a Ripr. del film del 1976, prod. URSS 
500 |a Interpreti: Iouzas Budrajtis. 
700 1 |a Gubenko, Nikolj  |0 IT\ICCU\LO1V\337505 
700 1 |a Budrajtis, Iouzas  |0 IT\ICCU\LO1V\337506 
942 |2 ddc  |c VM  |n 0 
952 |0 0  |1 0  |2 ddc  |4 0  |6 VO_267_000000000000000  |7 0  |9 27555  |a BO  |b BO  |d 2026-01-24  |i 6867  |l 0  |o VO 267  |p BO6867  |r 2026-01-24 18:29:00  |w 2026-01-24  |y VM 
999 |c 23345  |d 23345